000 05782cam a22018854i 4500
003 PE-LiUPU
005 20250813165541.0
008 190719s2018 sp a r 001 0 spa d
020 _a8417370110
020 _a9788417370114
035 _a(Sirsi) a252332
040 _aPE-LiUPU
_bspa
_cPE-LiUPU
_erda
041 1 _aspa
_heng
049 _aPRUA
082 0 4 _a611.0181
_bCH517
_223
100 1 _aChandar, Nalini,
_eautor.
245 0 0 _aBiología molecular y celular /
_cNalini Chandar.
250 _a2a edición.
264 1 _aBarcelona :
_bWolters Kluwer,
_c2018.
300 _aiv, 259 páginas :
_bilustraciones ;
_c28 centímetros
336 _atext
_2rdacontent
337 _aunmediated
_2rdamedia
338 _avolume
_2rdacarrier
504 _aÍndice: páginas 253-259.
505 0 _aEstructura y organización de la célula y el tejido -- Las células troncales y su diferenciación -- Matriz extracelular y adhesión celular -- Membranas biológicas -- Citoesqueleto -- Organelos -- Organización del genoma eucariótico y expresión genética -- el genoma eucariótico y expresión genética -- El genoma eucariótico -- Replicación del ADN -- transcripción -- Traducción -- Regulación de la expresión genética -- Trafico de proteínas -- degradación de las proteínas -- Transporte de membranas -- Conceptos básicos del transporte -- Transporte activo -- Transporte de la glucosa -- Transporte fármacos -- Señalización celular -- Señalización mediada por proteínas G. -- Señalización de receptores catalíticos -- Señalización de receptores de esteroides -- Regulación del crecimiento y la muerte de la célula -- El ciclo celular -- Regulación del ciclo celular -- Crecimiento celular anormal -- Muerte celular -- Envejecimiento y senescencia.
526 _aP203
526 _aP200
526 _aSEG65
526 _aSEG64
526 _aSEG63
526 _aSEG62
526 _aSEG61
526 _aSEG60
526 _aSEG59
526 _aSEG58
526 _aSEG57
526 _aSEG56
526 _aSEG55
526 _aSEG54
526 _aSEG53
526 _aSEG52
526 _aSEG51
526 _aSEG50
526 _aSEG49
526 _aSEG48
526 _aSEG47
526 _aSEG46
526 _aSEG24
526 _aSEG23
526 _aSEG22
526 _aSEG21
526 _aSEG20
526 _aSEG19
526 _aSEG18
526 _aSEG17
526 _aSEG16
526 _aSEG14
526 _aSEG13
526 _aSEG12
526 _aSEG11
526 _aSEG10
526 _aSEG09
526 _aSEG06
526 _aSEG05
526 _aSEG04
526 _aSEG03
526 _aSEG02
526 _aSEG68
526 _aSEG66
526 _aSEG45
526 _aSEG25
526 _aSEG01
526 _aP163
526 _aP162
526 _aP161
526 _aP160
526 _aP159
526 _aP158
526 _aP157
526 _aP156
526 _aP155
526 _aP154
526 _aP153
526 _aP152
526 _aP151
526 _aP150
526 _aP149
526 _aP142
526 _aP141
526 _aP140
526 _aP139
526 _aP138
526 _aP137
526 _aP132
526 _aP131
526 _aP130
526 _aP126
526 _aP125
526 _aP124
526 _aP123
526 _aP115
526 _aP122
526 _aP121
526 _aP116
526 _a P114
526 _aP112
526 _aP111
526 _aP104
526 _aP103
526 _aP102
526 _aP101
526 _aP100
526 _aP96
526 _aP95
526 _aP93
526 _aP92
526 _aP91
526 _aP88
526 _aP83
526 _aP82
526 _aP79
526 _aP78
526 _aP75
526 _aP74
526 _aP71
526 _aP69
526 _a P51
526 _aP49
526 _aP48
526 _aP47
526 _aP33
526 _aP31
526 _a P30
526 _aP29
526 _aP27
526 _aP26
526 _aP25
526 _aP24
526 _a P22
526 _aP10
526 _aP09
526 _a P08
526 _aP06
526 _aP05
526 _aP04
526 _aP01
534 _pTítulo Original :
_tCell and molecular biology.
541 _gE001-5;
650 0 7 _aBiología molecular
_2embucm.
_9709
650 0 7 _aCélulas
_2embucm.
910 _abrg
_bksl
_cksl
_d20190719
942 _2ddc
_cBOOK
994 _aC0
_bPEPRU
596 _a1
999 _a611.0181 CH517
_wDEWEY
_c31560
_i80306
_d31560
_e2019-10-15
_f2021-11-3
_g3
_lCCODEBUL1
_mBUL
_n2
_p8.83
_q1
_r0
_sY
_tBOOK
_u2019-7-19
_xSALUD
_zP30
_0COMPRA
_1FCOMPR3
_o.STAFF. Colección Ciencias de la Salud
999 _a611.0181 CH517
_wDEWEY
_c2
_i80307
_d2020-1-16
_e2020-1-9
_f2021-11-3
_g3
_lCCODEBUL1
_mBUL
_n4
_p8.83
_r0
_sY
_tBOOK
_u2019-7-22
_xSALUD
_zP30
_0COMPRA
_1FCOMPR2
_o.STAFF. Colección Ciencias de la Salud
999 _a611.0181 CH517
_wDEWEY
_c3
_i80308
_d2019-11-28
_f2021-11-3
_g3
_lCCODEBUL1
_mBUL
_p8.83
_q4
_r0
_sY
_tBOOK
_u2019-7-22
_xSALUD
_zP30
_0COMPRA
_1FCOMPR3
_o.STAFF. Colección Ciencias de la Salud
999 _a611.0181 CH517
_wDEWEY
_c4
_i80309
_d2022-5-26
_e2019-11-3
_f2021-11-3
_g3
_lCCODEBUL1
_mBUL
_n4
_p8.83
_q2
_r0
_sY
_tBOOK
_u2019-7-22
_xSALUD
_zP30
_0COMPRA
_1FCOMPR3
_o.STAFF. Colección Ciencias de la Salud
999 _a611.0181 CH517
_wDEWEY
_c5
_i80310
_d2022-5-25
_e2019-10-29
_f2021-11-3
_g3
_lCCODEBUL1
_mBUL
_n2
_p8.83
_q4
_r0
_sY
_tBOOK
_u2019-7-22
_xSALUD
_zP30
_0COMPRA
_1FCOMPR3
_o.STAFF. Colección Ciencias de la Salud
980 _81
_gALBERTO SANCHEZ Responsable de Automatización